<?xml version="1.0" encoding="UTF-8"?>
<record
    xmlns:xsi="http://www.w3.org/2001/XMLSchema-instance"
    xsi:schemaLocation="http://www.loc.gov/MARC21/slim http://www.loc.gov/standards/marcxml/schema/MARC21slim.xsd"
    xmlns="http://www.loc.gov/MARC21/slim">

  <leader>01042nam a2200277 a 4500</leader>
  <controlfield tag="001">1588143</controlfield>
  <controlfield tag="003">OSt</controlfield>
  <controlfield tag="005">20210421104452.0</controlfield>
  <controlfield tag="008">180914s2018    ck     gr     00010 spa d</controlfield>
  <datafield tag="020" ind1=" " ind2=" ">
    <subfield code="a">9789585400771</subfield>
  </datafield>
  <datafield tag="040" ind1=" " ind2=" ">
    <subfield code="a">CO-BoBLA </subfield>
    <subfield code="b">spa </subfield>
    <subfield code="c">CO-BoBLA</subfield>
  </datafield>
  <datafield tag="043" ind1=" " ind2=" ">
    <subfield code="a">s-ck---</subfield>
  </datafield>
  <datafield tag="082" ind1="0" ind2="4">
    <subfield code="a">370.9861 </subfield>
    <subfield code="b">L66p</subfield>
  </datafield>
  <datafield tag="100" ind1="1" ind2=" ">
    <subfield code="a">L&#xFFFD;pez D&#xFFFD;az, Rodolfo Alberto, </subfield>
    <subfield code="d">1961-</subfield>
  </datafield>
  <datafield tag="245" ind1="1" ind2="0">
    <subfield code="a">Pensar nuestra educaci&#xF3;n : </subfield>
    <subfield code="b">reflexiones en torno a educaci&#xF3;n, convivencia, lectura y escritura en Colombia / </subfield>
    <subfield code="c">Rodolfo Alberto L&#xF3;pez D&#xED;az.</subfield>
  </datafield>
  <datafield tag="260" ind1=" " ind2=" ">
    <subfield code="a">Bogot&#xE1; : </subfield>
    <subfield code="b">Universidad de la Salle : </subfield>
    <subfield code="b">Ecoe Ediciones, </subfield>
    <subfield code="c">2018.</subfield>
  </datafield>
  <datafield tag="300" ind1=" " ind2=" ">
    <subfield code="a">219 p&#xE1;ginas ; </subfield>
    <subfield code="c">24 cm.</subfield>
  </datafield>
  <datafield tag="504" ind1=" " ind2=" ">
    <subfield code="a">Incluye referencias bibliogr&#xE1;ficas (p&#xE1;ginas 211-219)</subfield>
  </datafield>
  <datafield tag="650" ind1=" " ind2=" ">
    <subfield code="a">Educaci&#xFFFD;n</subfield>
    <subfield code="z"> Colombia.</subfield>
  </datafield>
  <datafield tag="650" ind1=" " ind2="4">
    <subfield code="a">Lectura</subfield>
    <subfield code="x"> Ense&#xFFFD;anza superior.</subfield>
  </datafield>
  <datafield tag="650" ind1=" " ind2="4">
    <subfield code="a">Promoci&#xFFFD;n de la lectura</subfield>
    <subfield code="z"> Colombia.</subfield>
  </datafield>
  <datafield tag="650" ind1=" " ind2="4">
    <subfield code="a">Promoci&#xFFFD;n de la escritura</subfield>
    <subfield code="z"> Colombia.</subfield>
  </datafield>
  <datafield tag="650" ind1=" " ind2=" ">
    <subfield code="a">Escritura</subfield>
    <subfield code="x"> Ense&#xFFFD;anza superior.</subfield>
  </datafield>
  <datafield tag="942" ind1=" " ind2=" ">
    <subfield code="2">ddc</subfield>
    <subfield code="c">BK</subfield>
  </datafield>
  <datafield tag="949" ind1=" " ind2=" ">
    <subfield code="a">c                                        </subfield>
    <subfield code="b">c</subfield>
  </datafield>
  <datafield tag="999" ind1=" " ind2=" ">
    <subfield code="c">13323</subfield>
    <subfield code="d">13323</subfield>
  </datafield>
  <datafield tag="952" ind1=" " ind2=" ">
    <subfield code="0">0</subfield>
    <subfield code="1">0</subfield>
    <subfield code="2">ddc</subfield>
    <subfield code="4">0</subfield>
    <subfield code="7">0</subfield>
    <subfield code="8">GEN</subfield>
    <subfield code="a">BPMOS</subfield>
    <subfield code="b">BPMOS</subfield>
    <subfield code="d">2021-04-21</subfield>
    <subfield code="l">0</subfield>
    <subfield code="o">370.9861  L66p</subfield>
    <subfield code="p">MOS500966</subfield>
    <subfield code="r">2021-12-07</subfield>
    <subfield code="t">ej 1</subfield>
    <subfield code="w">2021-04-21</subfield>
    <subfield code="y">BK</subfield>
  </datafield>
</record>
